000
00310nam a2200121Ia 4500
008
220216s9999 xx 000 0 und d
245
0
_a
Performance of clones in commercial practice : First report
260
_b
Planters Bulletin
_c
1965
300
_a
25-32
650
_a
Rubber
650
_a
Yield
942
_c
JS
999
_c
64716
_d
64716